MARC details
| 000 -CABECERA |
| campo de control de longitud fija |
02021nam a22002417a 4500 |
| 008 - DATOS DE LONGITUD FIJA--INFORMACIÓN GENERAL |
| campo de control de longitud fija |
251002b |||||||| |||| 00| 0 eng d |
| 020 ## - NÚMERO INTERNACIONAL ESTÁNDAR DEL LIBRO |
| Número Internacional Estándar del Libro |
9781544519562 |
| 040 ## - FUENTE DE LA CATALOGACIÓN |
| Centro/agencia transcriptor |
tbs |
| 041 ## - CÓDIGO DE LENGUA |
| Código de lengua del texto/banda sonora o título independiente |
eng |
| 050 ## - SIGNATURA TOPOGRÁFICA DE LA BIBLIOTECA DEL CONGRESO |
| Número de clasificación |
HF5415.1265 |
| Número de documento/Ítem |
.S37 2021 |
| 100 ## - ENTRADA PRINCIPAL--NOMBRE DE PERSONA |
| Nombre de persona |
Schwartz, Eli |
| 9 (RLIN) |
25969 |
| Término indicativo de función/relación |
author |
| 245 ## - MENCIÓN DE TÍTULO |
| Título |
Product-led SEO |
| Resto del título |
: the why behind building your organic growth strategy |
| Mención de responsabilidad, etc. |
/ Eli Schwartz. |
| 260 ## - PUBLICACIÓN, DISTRIBUCIÓN, ETC. |
| Lugar de publicación, distribución, etc. |
[Place of publication not identified] : |
| Nombre del editor, distribuidor, etc. |
Houndstooth Press, |
| Fecha de publicación, distribución, etc. |
2021. |
| 300 ## - DESCRIPCIÓN FÍSICA |
| Extensión |
261 pages : |
| Otras características físicas |
illustrations ; |
| Dimensiones |
23 cm. |
| 505 ## - NOTA DE CONTENIDO CON FORMATO |
| Nota de contenido con formato |
Introduction — 1. The basics of SEO and how search works — 2. What is product-led SEO? — 3. SEO is a job for humans — 4. SEO and digital marketing — 5. Strategic SEO — 6. Tactical SEO — 7. Broad SEO categories — 8. The company and SEO — 9. Implementing product-led SEO — Conclusion. |
| 520 ## - SUMARIO, ETC. |
| Sumario, etc. |
Nothing can take your business to the next level like great search engine optimization (SEO). Unfortunately, it's not always easy to know what will successfully drive traffic, leads, and sales. If you want to stand out from your competition, your SEO needs a distinctive blend of creativity and logic. Maybe you're a marketing manager or executive who is responsible for SEO growth but do not fully understand how it works. Or maybe you are a seasoned SEO pro looking to optimize further. Either way, this book is your behind-the-scenes guide to online visibility. When it comes to SEO, success often depends not on what you do but on how you do it. That is why Product-Led SEO digs deep into the logic and theory of SEO instead of offering step-by-step guidelines and techniques. You will learn to develop your own best practices and see where most SEO strategies go astray. If your main goal is driving traffic, you are leaving sales on the table. |
| 650 #0 - PUNTO DE ACCESO ADICIONAL DE MATERIA--TÉRMINO DE MATERIA |
| Término de materia o nombre geográfico como elemento de entrada |
Internet marketing |
| 9 (RLIN) |
1133 |
| 650 #0 - PUNTO DE ACCESO ADICIONAL DE MATERIA--TÉRMINO DE MATERIA |
| Término de materia o nombre geográfico como elemento de entrada |
Search engines |
| 9 (RLIN) |
25757 |
| 650 #0 - PUNTO DE ACCESO ADICIONAL DE MATERIA--TÉRMINO DE MATERIA |
| Término de materia o nombre geográfico como elemento de entrada |
Web search engines |
| 9 (RLIN) |
7488 |
| 650 #0 - PUNTO DE ACCESO ADICIONAL DE MATERIA--TÉRMINO DE MATERIA |
| Término de materia o nombre geográfico como elemento de entrada |
Communication in marketing |
| 9 (RLIN) |
2094 |
| 650 #0 - PUNTO DE ACCESO ADICIONAL DE MATERIA--TÉRMINO DE MATERIA |
| Término de materia o nombre geográfico como elemento de entrada |
Internet advertising |
| 9 (RLIN) |
8759 |
| 942 ## - ELEMENTOS DE ENTRADA AGREGADA (KOHA) |
| Fuente del sistema de clasificación o colocación |
Clasificación de Library of Congress |